67 - Ilévia - Statistiques

Statistiques générales
  • Ce quiz a été pris 28 fois
  • Le résultat moyen est 17 sur 22
Statistiques - réponses
Hint Réponse % Correct
Lille Gaston Berger
94%
Lille P I de Douai
94%
Lille Porte de Douai
94%
Ronchin Ronchin Mairie
88%
Faches-Thumesnil Rue de Jemmapes
88%
Faches-Thumesnil Avenue de Roubaix
82%
Ronchin Jean Jaurès
82%
Ronchin Marronniers
82%
Vendeville Vendeville Hameau de L'Europe
82%
Faches-Thumesnil Faches Centre Commercial
76%
Faches-Thumesnil Faches Cimetière
76%
Faches-Thumesnil Moulin de Faches
76%
Faches-Thumesnil Moulin de Lesquin
76%
Faches-Thumesnil Rue de Grenoble
76%
Faches-Thumesnil Rue d'Haubourdin
76%
Faches-Thumesnil Faches Église
71%
Faches-Thumesnil La Jappe
71%
Faches-Thumesnil Jean Rostand
65%
Vendeville Vendeville Église
65%
Vendeville Vendeville Mairie
53%
Vendeville Z I Vendeville
53%
Vendeville Les Ormeaux
47%
Aucun quiz correspondant
Distribution des résultats
% des personnes avec chaque résultat
Percentile par nombre de réponses
Votre historique - résultats
Vous n’avez pas pris ce quiz